=LDR 00000nam 2200000 4500 =001 INLIS000000000051084 =005 20200305074716 =035 ##$$a 0010-0817000267 =007 ta =020 ##$$a 978.602.317.219-1 =040 ##$$a NBPDMAT =082 ##$$a 297.26 =090 ##$$a 297.26 Ich l =100 #$$a Ichsan Yudha =245 1#$$a 50 wasiat Nabi sehari-hari : $b belajar hadis tak selalu harus di Majelis /$c Ichsan Yudha =260 ##$$a Surakarta :$b Al-Qudwah Puclishing,$c 2016 =300 ##$$a 112 hlm. : $b ilus. ; $c 21 X 14 cm. =650 #4$$a Cerita-cerita-Hadist =850 ##$$a NBPDMAT =008 200305################g##########0#ind## =084 ##$$a 297.26 ICH l =250 ##$$a cet.1 =990 ##$$a 21702005 =990 ##$$a 21702004 =990 ##$$a 21702003 =990 ##$$a 21702002 =990 ##$$a 21702001 =990 ##$$a 21702001 =990 ##$$a 21702005 =990 ##$$a 21702004 =990 ##$$a 21702003 =990 ##$$a 21702002 =990 ##$$a 21702002 =990 ##$$a 21702005 =990 ##$$a 21702004 =990 ##$$a 21702003 =990 ##$$a 21702001 =990 ##$$a 21702003 =990 ##$$a 21702005 =990 ##$$a 21702004 =990 ##$$a 21702002 =990 ##$$a 21702001 =990 ##$$a 21702004 =990 ##$$a 21702005 =990 ##$$a 21702003 =990 ##$$a 21702002 =990 ##$$a 21702001 =990 ##$$a 21702005 =990 ##$$a 21702004 =990 ##$$a 21702003 =990 ##$$a 21702002 =990 ##$$a 21702001